[Event "Offene Hessische Senioren Einzelmeisters"]
[Site "Bad Sooden- Allendorf"]
[Date "2013.04.24"]
[Round "5.44"]
[White "Bachmann, Rolf"]
[Black "Kienel, Norbert"]
[Result "1/2-1/2"]
[WhiteElo "1881"]
[BlackElo "1611"]
[PlyCount "115"]
[EventDate "2013.??.??"]
[WhiteTeam "SVigung Hamm"]
[BlackTeam "SV Osnabrück"]

1. d4 Nf6 2. c4 e6 3. Nf3 d5 4. Bg5 c6 5. e3 Nbd7 6. a3 Bd6 7. Nc3 O-O 8. Bd3
dxc4 9. Bxc4 h6 10. Bh4 b6 11. Rc1 Bb7 12. O-O Qb8 13. Qe2 a6 14. Rfd1 b5 15.
Ba2 a5 16. Bb1 b4 17. axb4 axb4 18. Ne4 Nxe4 19. Bxe4 Rc8 20. g4 g5 21. Bg3 Nf6
22. Nd2 Ra2 23. Bxd6 Qxd6 24. Nc4 Qe7 25. Bb1 Ra7 26. e4 Ba6 27. e5 Nd5 28. Qe4
f6 29. Ne3 Nf4 30. Rc5 Nh3+ 31. Kg2 Nf4+ 32. Kh1 Be2 33. Re1 Ra1 34. Qh7+ Kf8
35. Qxh6+ Qg7 36. Qxg7+ Kxg7 37. exf6+ Kxf6 38. Rcc1 Bf3+ 39. Kg1 Ne2+ 40. Rxe2
Bxe2 41. Nc2 Ra7 42. Nxb4 Bf3 43. Nd3 Ra1 44. Re1 Bxg4 45. Bc2 Rxe1+ 46. Nxe1
Bf5 47. Ba4 c5 48. dxc5 Rxc5 49. Kg2 g4 50. Kg3 Kg5 51. f3 Rc1 52. Ng2 Rb1 53.
fxg4 Bxg4 54. h4+ Kh5 55. Nf4+ Kh6 56. Kxg4 Rxb2 57. Bc6 e5 58. Nd3 1/2-1/2

[Event "Offene Hessische Senioren Einzelmeisters"]
[Site "Bad Sooden- Allendorf"]
[Date "2013.04.24"]
[Round "5.45"]
[White "Samarian, Cornel"]
[Black "Peleikis, Horst"]
[Result "0-1"]
[WhiteElo "1574"]
[BlackElo "1879"]
[Annotator ",Microsoft"]
[PlyCount "104"]
[EventDate "2013.??.??"]
[WhiteTeam "SC Pegasus Lohkirchen"]
[BlackTeam "SK Lister Turm"]

1. c4 c5 2. Nf3 Nc6 3. Nc3 g6 4. e4 Bg7 5. Be2 Nh6 6. h3 d6 7. d3 f5 8. Qc2 Nf7
9. Be3 O-O 10. Qd2 Nd4 11. O-O Bd7 12. Rab1 e5 13. Bxd4 cxd4 14. Nd5 f4 15. Kh2
Bh6 16. Qe1 Ng5 17. Nxg5 Qxg5 18. f3 Qd8 19. Rh1 Bg5 20. Kg1 Bh4 21. Qd2 Rf7
22. b3 Rb8 23. a4 b6 24. Rb2 a6 25. Bd1 b5 26. a5 bxc4 27. dxc4 Bc8 28. b4 Bb7
29. Nb6 Kg7 30. Kf1 Qg5 31. Bc2 h5 32. Rg1 Qd8 33. Rb3 Rc7 34. Bd3 g5 35. Be2
Bc8 36. Bd1 Be6 37. Be2 Rc6 38. Rb2 Rbxb6 39. axb6 Qxb6 40. Qc1 Kf6 41. Bd3 Qc7
42. Rc2 g4 43. hxg4 hxg4 44. Rh1 Bg5 45. Ke2 Qb7 46. Qb1 Kg6 47. Kd2 Be7 48.
Rhc1 Rb6 49. Rb2 g3 50. Rcc2 Qb8 51. Ke2 Qh8 52. Kd2 Bd7 {Rest nicht zu
rekonstruieren} 0-1

[Event "Offene Hessische Senioren Einzelmeisters"]
[Site "Bad Sooden- Allendorf"]
[Date "2013.04.24"]
[Round "5.46"]
[White "Busic, Nedjeljko"]
[Black "Barlo, Werner"]
[Result "0-1"]
[WhiteElo "1877"]
[BlackElo "1579"]
[PlyCount "120"]
[EventDate "2013.??.??"]
[WhiteTeam "SC Bad Nauheim"]
[BlackTeam "SK Zehlendorf e.V."]

1. e4 e6 2. d4 d5 3. e5 c5 4. f4 Nc6 5. Nf3 Qb6 6. a3 cxd4 7. Bd3 Nge7 8. g4
Bd7 9. Nbd2 Ng6 10. Nb3 Be7 11. h4 h6 12. Bxg6 fxg6 13. Qd3 O-O-O 14. Bd2 g5
15. O-O-O gxf4 16. Rde1 g5 17. hxg5 hxg5 18. Kb1 Rdg8 19. Ka2 a6 20. Rxh8 Rxh8
21. Qg6 Qd8 22. Nfxd4 Nxd4 23. Nxd4 Qg8 24. Qxg8+ Rxg8 25. Rh1 Bc5 26. Nf3 d4
27. Rh5 Bc6 28. Nxg5 f3 29. Be1 d3 30. cxd3 f2 31. Bxf2 Bxf2 32. Kb1 Bd5 33.
Kc2 Be3 34. Nf7 Rxg4 35. Nd6+ Kc7 36. Rh7+ Kc6 37. Rxb7 Bd4 38. Rb4 Rg2+ 39.
Kb1 Bxe5 40. Nc4 Rg1+ 41. Kc2 Rg2+ 42. Kb1 Bc7 43. Ra4 Kb5 44. Rb4+ Kc5 45. Ra4
Bxc4 46. Rxc4+ Kd6 47. Rd4+ Ke5 48. Rc4 Kd6 49. Rd4+ Ke7 50. Re4 Rd2 51. Rd4 a5
52. b4 axb4 53. Rxb4 Rxd3 54. a4 e5 55. Kc2 Rd4 56. Rb7 Kd6 57. Ra7 Rd5 58. Kb3
Ra5 59. Rb7 Kc6 60. Rb4 Bd6 0-1

[Event "Offene Hessische Senioren Einzelmeisters"]
[Site "Bad Sooden- Allendorf"]
[Date "2013.04.24"]
[Round "5.47"]
[White "Montsma, Foppe-Jan"]
[Black "Brandt, Fred"]
[Result "1/2-1/2"]
[WhiteElo "1906"]
[BlackElo "1652"]
[PlyCount "38"]
[EventDate "2013.??.??"]
[BlackTeam "SV Königsjäger Süd-West e.V."]

1. e4 e5 2. Nf3 Nf6 3. Nc3 Bb4 4. Nxe5 O-O 5. Be2 Re8 6. Nd3 Bxc3 7. dxc3 Nxe4
8. O-O d6 9. Re1 c6 10. Bf3 Bf5 11. Nf4 Ng5 12. Rxe8+ Qxe8 13. Be2 Qe7 14. Be3
Nd7 15. Nh5 Ne4 16. Bg4 Bg6 17. Nf4 Ne5 18. Nxg6 Nxg6 19. Be2 Ne5 1/2-1/2

[Event "Offene Hessische Senioren Einzelmeisters"]
[Site "Bad Sooden- Allendorf"]
[Date "2013.04.24"]
[Round "5.48"]
[White "Plischke, Berthold"]
[Black "Klüver, Horst"]
[Result "0-1"]
[WhiteElo "1828"]
[BlackElo "1644"]
[PlyCount "48"]
[EventDate "2013.??.??"]
[WhiteTeam "SV Wesel 1928 e.V."]
[BlackTeam "SV Merkur Hademarschen"]

1. e4 e6 2. d4 d5 3. Nc3 dxe4 4. Nxe4 Nf6 5. Bg5 Be7 6. Bxf6 Bxf6 7. Nf3 O-O 8.
Qd2 Be7 9. Bd3 Nc6 10. O-O-O f5 11. Neg5 h6 12. Nh3 Nxd4 13. Qe3 Nxf3 14. Bb5
Bg5 15. Nf4 Qf6 16. Qxf3 e5 17. g3 exf4 18. h4 fxg3+ 19. hxg5 Qxg5+ 20. Kb1 f4
21. Bc4+ Kh8 22. fxg3 Bg4 23. Qc3 Bxd1 24. g4 Rf6 0-1

[Event "Offene Hessische Senioren Einzelmeisters"]
[Site "Bad Sooden- Allendorf"]
[Date "2013.04.24"]
[Round "5.49"]
[White "Schneider, Miloca"]
[Black "Berger, Eduard"]
[Result "0-1"]
[WhiteElo "1799"]
[BlackElo "1637"]
[Annotator ",Microsoft"]
[PlyCount "70"]
[EventDate "2013.??.??"]
[WhiteTeam "SG Witten"]
[BlackTeam "SK Stadtallendorf"]

1. d4 d5 2. c4 c6 3. Nc3 Nf6 4. Bg5 e6 5. Bxf6 Qxf6 6. e3 Bd6 7. Nf3 Nd7 8. Bd3
dxc4 9. Bxc4 b5 10. Be2 Qg6 11. O-O b4 12. Bd3 f5 13. Ne2 O-O 14. Rc1 Bb7 15.
b3 c5 16. Ng3 Rac8 17. Qe2 cxd4 18. Nxd4 Nc5 19. Bc4 Kh8 20. f4 e5 21. fxe5
Bxe5 22. Ndxf5 Ne4 23. Nh4 Qh6 24. Rxf8+ Rxf8 25. Nf3 Bxg3 26. hxg3 Nxg3 27.
Qc2 Qxe3+ 28. Kh2 Ne4 29. Re1 Qf4+ 30. Kg1 h5 31. Bd3 Nc3 32. Qf2 Qg4 33. Qc5
Rd8 34. Bf5 Qg3 35. Re7 Qb8 {Rest unleserlich} 0-1

[Event "Offene Hessische Senioren Einzelmeisters"]
[Site "Bad Sooden- Allendorf"]
[Date "2013.04.24"]
[Round "5.50"]
[White "Türtmann, Dieter"]
[Black "Viererbe, Hartmut"]
[Result "1/2-1/2"]
[WhiteElo "1797"]
[BlackElo "1607"]
[PlyCount "64"]
[EventDate "2013.??.??"]
[WhiteTeam "ESV 1949 Eberswalde e.V."]
[BlackTeam "SC 51 Nordhausen"]

1. e4 c5 2. Nc3 a6 3. a4 Nc6 4. f4 g6 5. Nf3 Bg7 6. Be2 e6 7. O-O Nge7 8. e5
O-O 9. Ne4 Qb6 10. c3 f6 11. exf6 Bxf6 12. Nxf6+ Rxf6 13. d3 d6 14. Ng5 d5 15.
Bf3 h6 16. Nh3 Bd7 17. Re1 Kg7 18. Qe2 Re8 19. Nf2 Qc7 20. Qd2 Ref8 21. Qe2 b6
22. Ng4 Rf5 23. Bd2 a5 24. Qf2 h5 25. Ne5 Nxe5 26. Rxe5 Rxe5 27. fxe5 Qxe5 28.
Qh4 Rf7 29. d4 Qf5 30. Qe1 c4 31. Bd1 Nc6 32. Rc1 e5 1/2-1/2

[Event "Offene Hessische Senioren Einzelmeisters"]
[Site "Bad Sooden- Allendorf"]
[Date "2013.04.24"]
[Round "5.51"]
[White "Noordijk, Ed"]
[Black "Strozewski, Günter"]
[Result "1-0"]
[WhiteElo "1782"]
[BlackElo "1604"]
[PlyCount "65"]
[EventDate "2013.??.??"]
[WhiteTeam "S.C. Oegstgeest '80"]
[BlackTeam "SV Erkenschwick 1923 e"]

1. Nf3 e6 2. d3 Nf6 3. Nbd2 b6 4. e4 Bb7 5. Be2 Nc6 6. c3 Be7 7. Qc2 O-O 8. O-O
e5 9. Nc4 d6 10. Ne3 a5 11. Nf5 Bc8 12. Ng3 d5 13. a3 h5 14. exd5 Qxd5 15. h3
g6 16. Ng5 Kg7 17. Bf3 Qd6 18. Re1 Ba6 19. Qd2 Rh8 20. d4 Bc8 21. dxe5 Nxe5 22.
Bxa8 Qc5 23. N3e4 Nxe4 24. Bxe4 f6 25. Nf3 Nxf3+ 26. Bxf3 Bd6 27. Qd4 Qf5 28.
Qe4 Qd7 29. Bf4 Bc5 30. b4 axb4 31. axb4 Bd6 32. Bxd6 Qxd6 33. Qe7+ 1-0

[Event "Offene Hessische Senioren Einzelmeisters"]
[Site "Bad Sooden- Allendorf"]
[Date "2013.04.24"]
[Round "5.52"]
[White "Fritsch, Wolfgang"]
[Black "Fritsch, Dr. Jürgen"]
[Result "0-1"]
[WhiteElo "1613"]
[BlackElo "1779"]
[PlyCount "31"]
[EventDate "2013.??.??"]
[WhiteTeam "SV Empor Bad Langensalza"]
[BlackTeam "SK Lister Turm"]

1. e4 e5 2. Nc3 Bc5 3. Nf3 d6 4. d4 exd4 5. Nxd4 Nc6 6. Nxc6 bxc6 7. Bc4 Nf6 8.
Bg5 Bxf2+ 9. Kxf2 Ng4+ 10. Kg3 Qxg5 11. h4 Qe5+ 12. Kf3 Nh2+ 13. Rxh2 Qxh2 14.
Qe1 h5 15. Qf2 O-O 16. g3 0-1

[Event "Offene Hessische Senioren Einzelmeisters"]
[Site "Bad Sooden- Allendorf"]
[Date "2013.04.24"]
[Round "5.55"]
[White "Blosze, Winfried"]
[Black "Janzen, Christian"]
[Result "1-0"]
[WhiteElo "1759"]
[BlackElo "1597"]
[PlyCount "117"]
[EventDate "2013.??.??"]
[WhiteTeam "SV Königsspringer 1929 Großauhei"]
[BlackTeam "TSV Marienfelde 1890 e.V."]

1. e4 e5 2. Nf3 Nc6 3. Bb5 Nd4 4. Bc4 Nxf3+ 5. Qxf3 Nf6 6. d3 Be7 7. Qg3 Kf8 8.
Qxe5 d6 9. Qf4 Bg4 10. Nc3 c6 11. Be3 h6 12. f3 g5 13. Qg3 Be6 14. Bxe6 fxe6
15. O-O-O Qe8 16. Rdf1 e5 17. d4 Nh5 18. Qf2 Rh7 19. Qd2 Qg6 20. g3 Rf7 21. f4
exf4 22. gxf4 Kg8 23. f5 Qh7 24. h4 Ng3 25. hxg5 Nxf1 26. g6 Nxd2 27. gxh7+
Rxh7 28. Bxd2 Bf6 29. Be3 Re8 30. Kd2 Ree7 31. Kd3 Reg7 32. Bf4 Be7 33. e5 dxe5
34. dxe5 Bg5 35. f6 Rd7+ 36. Ke4 Bxf4 37. Kxf4 Rd2 38. e6 Kf8 39. Kf5 Rh8 40.
Rg1 h5 41. Rg7 Rf2+ 42. Ke5 h4 43. Rxb7 Rh5+ 44. Kd6 Rxf6 45. Rb8+ Kg7 46. Kd7
h3 47. Ne4 h2 48. Nxf6 Kxf6 49. Rf8+ Kg7 50. e7 h1=Q 51. e8=Q Qd5+ 52. Kc8 Re5
53. Rf7+ Qxf7 54. Qxe5+ Kg8 55. Qg5+ Kh7 56. Qh4+ Kg7 57. Qg3+ Kf8 58. Qd6+ Kg7
59. Qd7 1-0

[Event "Offene Hessische Senioren Einzelmeisters"]
[Site "Bad Sooden- Allendorf"]
[Date "2013.04.24"]
[Round "5.56"]
[White "Jauch, Dieter"]
[Black "Tomas, Johann"]
[Result "1-0"]
[WhiteElo "1756"]
[BlackElo "1590"]
[Annotator ",Microsoft"]
[PlyCount "35"]
[EventDate "2013.??.??"]
[WhiteTeam "SK Bietigheim-Bissingen"]
[BlackTeam "SK Bad Sooden-Allendorf"]

1. d4 e6 2. Nf3 d5 3. e3 a6 4. Bd3 Nf6 5. Nbd2 c6 6. O-O Nbd7 7. b3 Bd6 8. Bb2
O-O 9. Ng5 Qc7 10. f4 Ne8 11. Qh5 f5 12. Qh3 Nef6 13. c4 Ne4 14. Ndf3 Rf6 15.
Bxe4 Rh6 16. Qg3 dxe4 17. Ne5 Bxe5 18. fxe5 {Rest nicht rekonstruierbar} 1-0

[Event "Offene Hessische Senioren Einzelmeisters"]
[Site "Bad Sooden- Allendorf"]
[Date "2013.04.24"]
[Round "5.57"]
[White "Liszka, Günter"]
[Black "Schiller, Hans"]
[Result "1-0"]
[WhiteElo "1754"]
[BlackElo "1586"]
[PlyCount "53"]
[EventDate "2013.??.??"]
[WhiteTeam "Sportfreunde Katernberg 1913 e.V"]
[BlackTeam "SF Bad Lausick"]

1. e4 c5 2. Nf3 d6 3. d4 cxd4 4. Nxd4 Nf6 5. Nc3 a6 6. Be2 e6 7. O-O Be7 8. f4
Nc6 9. Kh1 Nxd4 10. Qxd4 O-O 11. Bf3 Qc7 12. Be3 e5 13. Qd2 Bd7 14. Rad1 Rac8
15. Qf2 Be6 16. Qg3 Qa5 17. f5 Bxa2 18. Bh6 Ne8 19. Ra1 Rxc3 20. bxc3 Qb5 21.
Rfe1 Qb2 22. Rec1 Bc4 23. Rab1 Qxc3 24. Rxb7 Bf6 25. Rb8 Bb5 26. Bg5 Qc7 27.
Rxe8 1-0

[Event "Offene Hessische Senioren Einzelmeisters"]
[Site "Bad Sooden- Allendorf"]
[Date "2013.04.24"]
[Round "5.58"]
[White "Ranker, Klemens"]
[Black "Garms, Ilse"]
[Result "1/2-1/2"]
[WhiteElo "1744"]
[BlackElo "1551"]
[PlyCount "48"]
[EventDate "2013.??.??"]
[WhiteTeam "SC Hauptstuhl"]
[BlackTeam "Brandenburger LSSV"]

1. e4 e6 2. d4 c5 3. d5 exd5 4. exd5 Qe7+ 5. Be3 d6 6. Nc3 Nf6 7. Be2 g6 8. Nf3
Bg7 9. Qd2 O-O 10. Bg5 Na6 11. O-O Nc7 12. Rfe1 Qd7 13. a4 b6 14. Bc4 Bb7 15.
Rad1 Rae8 16. Rxe8 Rxe8 17. Qd3 h6 18. Bxf6 Bxf6 19. Nb5 Ra8 20. c3 Ne8 21. Qe3
Bg7 22. b3 a6 23. Na3 Nc7 24. Qd3 Re8 1/2-1/2

[Event "Offene Hessische Senioren Einzelmeisters"]
[Site "Bad Sooden- Allendorf"]
[Date "2013.04.24"]
[Round "5.59"]
[White "Hentzschel, Erhard"]
[Black "Ludwig, Richard"]
[Result "1-0"]
[WhiteElo "1723"]
[BlackElo "1451"]
[PlyCount "29"]
[EventDate "2013.??.??"]
[WhiteTeam "Peiner SV"]
[BlackTeam "SV Irxleben von 1919"]

1. e4 e5 2. f4 exf4 3. Nf3 d6 4. Bc4 Be7 5. O-O Nc6 6. d4 Bg4 7. Bxf4 Bf6 8. c3
h6 9. Nbd2 Bg5 10. Bxg5 hxg5 11. Bxf7+ Kd7 12. d5 Nce7 13. Ne5+ Kc8 14. Qxg4+
Kb8 15. Nd7+ 1-0

[Event "Offene Hessische Senioren Einzelmeisters"]
[Site "Bad Sooden- Allendorf"]
[Date "2013.04.24"]
[Round "5.60"]
[White "Ophoff, Rigobert"]
[Black "Berger, Volkmar"]
[Result "1/2-1/2"]
[WhiteElo "1706"]
[BlackElo "1547"]
[PlyCount "32"]
[EventDate "2013.??.??"]
[WhiteTeam "Rhedaer SV von 1931 e."]
[BlackTeam "BSV-KW Jänschwalde 94 e.V."]

1. d4 Nf6 2. c4 g6 3. Nc3 Bg7 4. e4 d6 5. f3 O-O 6. Be3 Nc6 7. Qd2 a5 8. Nge2
a4 9. Rd1 b6 10. d5 Ne5 11. Nd4 Qe8 12. Be2 Ba6 13. b3 axb3 14. axb3 Bb7 15.
O-O Nfd7 16. Ra1 Nc5 1/2-1/2

[Event "Offene Hessische Senioren Einzelmeisters"]
[Site "Bad Sooden- Allendorf"]
[Date "2013.04.24"]
[Round "5.61"]
[White "Kirchberg, Hans-Georg"]
[Black "Paulsen, Eckart"]
[Result "1/2-1/2"]
[WhiteElo "1597"]
[BlackElo "1696"]
[PlyCount "31"]
[EventDate "2013.??.??"]
[WhiteTeam "SK Dingelstädt 1921"]
[BlackTeam "Post SV Neustadt"]

1. d4 Nf6 2. Bg5 e6 3. Nd2 Be7 4. e3 O-O 5. Bd3 d5 6. Ngf3 Nbd7 7. c3 c5 8. O-O
c4 9. Bc2 b5 10. e4 dxe4 11. Nxe4 Bb7 12. Qe2 Nxe4 13. Bxe7 Qxe7 14. Bxe4 Bxe4
15. Qxe4 Nf6 16. Qc2 1/2-1/2

[Event "Offene Hessische Senioren Einzelmeisters"]
[Site "Bad Sooden- Allendorf"]
[Date "2013.04.24"]
[Round "5.62"]
[White "Mayeres, Hans-Christian"]
[Black "Ludwig, Siegfried"]
[Result "1-0"]
[WhiteElo "1690"]
[BlackElo "1348"]
[PlyCount "91"]
[EventDate "2013.??.??"]
[WhiteTeam "SK Recklinghausen Altsta"]
[BlackTeam "GSV Hemmingen"]

1. c4 e5 2. Nc3 Nf6 3. g3 d5 4. cxd5 Nxd5 5. Bg2 Nxc3 6. bxc3 Bd6 7. Rb1 Nd7 8.
e3 Nc5 9. d4 Ne6 10. Bd2 Rb8 11. Qa4+ Bd7 12. Qxa7 O-O 13. Bxb7 c5 14. Be4
Rxb1+ 15. Bxb1 Bc6 16. f3 cxd4 17. cxd4 Ng5 18. e4 Qf6 19. dxe5 Bxe5 20. Qe3
Bd4 21. Qxg5 Qd6 22. Ne2 h6 23. Qf4 Be5 24. Qe3 Rb8 25. O-O Bb5 26. Kg2 Rd8 27.
Ba5 Bd4 28. Qd2 Rd7 29. Rc1 Qe5 30. Nxd4 Rxd4 31. Qc3 Bd7 32. Bb6 Qb5 33. Qxd4
Qe2+ 34. Qf2 Qb5 35. Rd1 g5 36. Bd4 f5 37. exf5 h5 38. Qb2 Qd5 39. Qb3 Qxb3 40.
axb3 g4 41. Be4 Bb5 42. Bd5+ Kh7 43. f6 Be2 44. Rc1 gxf3+ 45. Bxf3 Kg8 46. Bxe2
1-0

[Event "Offene Hessische Senioren Einzelmeisters"]
[Site "Bad Sooden- Allendorf"]
[Date "2013.04.24"]
[Round "5.63"]
[White "Smits, Oswald"]
[Black "Marinoni, Rainer"]
[Result "1-0"]
[WhiteElo "1678"]
[BlackElo "1146"]
[Annotator ",Microsoft"]
[PlyCount "26"]
[EventDate "2013.??.??"]
[WhiteTeam "Sfr. Taunus Königstein/Schwalbac"]
[BlackTeam "SC Eschwege"]

1. d4 Nf6 2. Nf3 c5 3. dxc5 e6 4. Nc3 Bxc5 5. Bg5 d5 6. e3 Nc6 7. a3 a6 8. h4
Be7 9. Be2 Qc7 10. Nh2 O-O 11. O-O Rd8 12. g3 Bd7 13. Re1 Re8 {Rest nicht
rekonstruierbar} 1-0

[Event "Offene Hessische Senioren Einzelmeisters"]
[Site "Bad Sooden- Allendorf"]
[Date "2013.04.24"]
[Round "5.64"]
[White "Weyand, Fernand"]
[Black "Becker, Günter"]
[Result "1-0"]
[WhiteElo "1570"]
[BlackElo "1674"]
[PlyCount "57"]
[EventDate "2013.??.??"]
[WhiteTeam "SV Saarbrücken 1970 e.V."]
[BlackTeam "SC Steinbach"]

1. e4 c6 2. d4 d5 3. Nc3 g6 4. Bf4 dxe4 5. Nxe4 Bg7 6. c3 Nd7 7. Bc4 Ngf6 8.
Bxf7+ Kxf7 9. Ng5+ Kg8 10. Ne6 Qb6 11. Qe2 Nd5 12. Nh3 Nxf4 13. Nhxf4 Bf6 14.
h4 Kf7 15. g4 Nf8 16. Nc5 Qc7 17. Nfd3 Ne6 18. g5 Nxc5 19. Nxc5 Bg7 20. Qc4+ e6
21. O-O-O Qd6 22. Rhe1 Qd5 23. Qe2 Re8 24. Ne4 e5 25. h5 exd4 26. hxg6+ hxg6
27. Nd6+ Kg8 28. Qxe8+ Bf8 29. Qxg6+ 1-0

[Event "Offene Hessische Senioren Einzelmeisters"]
[Site "Bad Sooden- Allendorf"]
[Date "2013.04.24"]
[Round "5.65"]
[White "Wittmann, Georg"]
[Black "Heil, Rudolf"]
[Result "1/2-1/2"]
[WhiteElo "1805"]
[BlackElo "1583"]
[PlyCount "81"]
[EventDate "2013.??.??"]
[WhiteTeam "SV 51 Zerbst"]
[BlackTeam "SC Starnberg"]

1. c4 c5 2. Nc3 Nc6 3. Nf3 e5 4. g3 g6 5. Bg2 Bg7 6. O-O Nge7 7. d3 O-O 8. Rb1
f5 9. e4 d6 10. a3 a5 11. Ng5 f4 12. Nh3 f3 13. Bxf3 Bxh3 14. Re1 Nd4 15. Bg2
Qd7 16. Bg5 Bxg2 17. Kxg2 Nf3 18. Bxe7 Nxe1+ 19. Qxe1 Qxe7 20. Nd5 Qf7 21. Qe2
Rab8 22. a4 Bf6 23. b3 b6 24. h3 Rb7 25. Rf1 Bd8 26. Ne3 Bf6 27. Qg4 Kh8 28.
Nd5 Bd8 29. Qe2 Qg7 30. Qe3 Rbf7 31. f3 h6 32. Qe2 Kh7 33. Ne3 h5 34. Nd5 Qh6
35. Ne3 Bg5 36. Nd5 h4 37. g4 Bd8 38. Qc2 Rf4 39. Qd1 R8f7 40. Qe2 Qf8 41. Ne3
1/2-1/2

[Event "Offene Hessische Senioren Einzelmeisters"]
[Site "Bad Sooden- Allendorf"]
[Date "2013.04.24"]
[Round "5.66"]
[White "Bendisch, Dr. Jürgen"]
[Black "Bartels, Lothar"]
[Result "0-1"]
[WhiteElo "1701"]
[BlackElo "1568"]
[PlyCount "142"]
[EventDate "2013.??.??"]
[WhiteTeam "SV Hennef 1927 e.V."]
[BlackTeam "SG Lasker Steglitz-Wilmersdorf"]

1. d4 Nf6 2. Nf3 d5 3. Bf4 e6 4. c3 c5 5. e3 c4 6. Nbd2 Nc6 7. Qc2 Be7 8. Be2
Bd7 9. e4 O-O 10. h3 h6 11. g4 Nh7 12. h4 f6 13. O-O-O b5 14. Rdg1 b4 15. exd5
exd5 16. g5 fxg5 17. Be5 Bf5 18. Qa4 bxc3 19. bxc3 Rc8 20. hxg5 Nxg5 21. Nxg5
Bxg5 22. f4 Nxe5 23. fxg5 hxg5 24. dxe5 Qb6 25. Rg3 Qf2 26. Qb5 Qxg3 27. Qxd5+
Rf7 28. Qd4 Bd3 29. Bg4 Bf5 30. Bf3 Be6 31. Be4 Rd7 32. Bh7+ Kf7 33. Rd1 Ke7
34. Qf2 Qxc3+ 35. Bc2 Qxe5 36. Re1 Qf6 37. Qe3 c3 38. Ne4 Qf4 39. Nxg5 Qxe3+
40. Rxe3 Rd6 41. Bb3 Rcc6 42. Nxe6 Rxe6 43. Bxe6 Rxe6 44. Rxc3 Ra6 45. a3 g5
46. Kd2 Kf6 47. Ke3 Ra4 48. Kf3 Kg6 49. Kg3 Kh5 50. Rd3 a5 51. Rc3 Rd4 52. Kg2
a4 53. Re3 Rd2+ 54. Kg1 Rd4 55. Kg2 g4 56. Kg3 Rd5 57. Rc3 Rb5 58. Kf4 Rb3 59.
Rc5+ Kh4 60. Rc4 Rh3 61. Rc8 Rf3+ 62. Ke4 Kh3 63. Ra8 Kg3 64. Ra7 Kg2 65. Rc7
g3 66. Ra7 Kf2 67. Rc7 g2 68. Rc2+ Kg3 69. Rc1 Rf1 70. Rc3+ Kh2 71. Rc2 Kh1 0-1

[Event "Offene Hessische Senioren Einzelmeisters"]
[Site "Bad Sooden- Allendorf"]
[Date "2013.04.24"]
[Round "5.67"]
[White "Geisler, Reinhard"]
[Black "Narr, Irmgard"]
[Result "1-0"]
[WhiteElo "1697"]
[BlackElo "1529"]
[Annotator ",Microsoft"]
[PlyCount "66"]
[EventDate "2013.??.??"]
[WhiteTeam "SK Werther 1949 e.V."]
[BlackTeam "SC Mühlhof-Reichelsdorf e.V."]

1. Nf3 Nf6 2. c4 e6 3. g3 d5 4. Bg2 c6 5. Qc2 Be7 6. O-O Nbd7 7. d4 O-O 8. Nbd2
Re8 9. e4 dxe4 10. Nxe4 Nxe4 11. Qxe4 Nf6 12. Qe2 Bd7 13. Ne5 Rb8 14. Bf4 Rc8
15. Rad1 Bd6 16. Nxf7 Kxf7 17. Bxd6 Ra8 18. Rd2 Bc8 19. Be5 Kg8 20. Re1 Qe7 21.
a3 Bd7 22. h3 Qf7 23. Qd3 Rac8 24. b4 a6 25. Rde2 h6 26. Qb3 b5 27. Rc2 Nh7 28.
cxb5 cxb5 29. Rc7 Nf8 30. Rec1 Kh7 31. R1c5 Rxc7 32. Rxc7 Rc8 33. Bd6 g6 {Rest
nicht zu rekonstruieren} 1-0

[Event "Offene Hessische Senioren Einzelmeisters"]
[Site "Bad Sooden- Allendorf"]
[Date "2013.04.24"]
[Round "5.68"]
[White "Kynast, Reinhard"]
[Black "Scholze, Roland"]
[Result "0-1"]
[WhiteElo "1574"]
[BlackElo "1686"]
[Annotator ",Microsoft"]
[PlyCount "93"]
[EventDate "2013.??.??"]
[WhiteTeam "Herforder SV Königsspr"]
[BlackTeam "SV Lok Dresden"]

1. c4 e6 2. Nc3 b6 3. d4 Bb7 4. e4 Bb4 5. Qc2 Qe7 6. a3 Bxc3+ 7. bxc3 Na6 8.
Nf3 c5 9. Bd3 Rc8 10. O-O h6 11. Bf4 Nf6 12. d5 Nh5 13. Be3 O-O 14. Rfe1 d6 15.
Rad1 Nb8 16. Nd2 e5 17. Be2 Nf6 18. f4 exf4 19. Bxf4 Rce8 20. Bf3 Nbd7 21. Re2
Ne5 22. Rde1 Bc8 23. Bg3 Nh7 24. Bxe5 Qxe5 25. Re3 Ng5 26. Be2 Bf5 27. Bd3 Bg6
28. h4 Nh7 29. Nf3 Qf4 30. e5 Bxd3 31. Qxd3 dxe5 32. Rxe5 Rxe5 33. Rxe5 Nf6 34.
Qe2 Qc1+ 35. Qe1 Qxa3 36. Re7 a5 37. d6 Qa4 38. Ne5 Rd8 39. Nxf7 Rd7 40. Nxh6+
Kh7 41. Nf5 Rxe7 42. Nxe7 Qd7 43. Qg3 Kh8 44. Ng6+ Kg8 45. Qe5 Kf7 46. Nf4 Kg8
47. h5 {Rest nicht zu konstruieren} 0-1

[Event "Offene Hessische Senioren Einzelmeisters"]
[Site "Bad Sooden- Allendorf"]
[Date "2013.04.24"]
[Round "5.69"]
[White "Mewes, Hans-Dieter"]
[Black "Völler, Lothar"]
[Result "1-0"]
[WhiteElo "1670"]
[BlackElo "1524"]
[Annotator ",Microsoft"]
[PlyCount "43"]
[EventDate "2013.??.??"]
[WhiteTeam "Stader SV"]
[BlackTeam "Dortmund"]

1. d4 g6 2. c4 Bg7 3. Nc3 c5 4. e3 d6 5. Nf3 cxd4 6. Nxd4 Nc6 7. Nxc6 Bxc3+ 8.
bxc3 bxc6 9. Bd3 c5 10. Rb1 Nf6 11. O-O O-O 12. e4 Be6 13. f4 Bg4 14. Qe1 Rb8
15. Rxb8 Qxb8 16. h3 Bd7 17. g4 Ne8 18. f5 Qc8 19. Bh6 Ng7 20. Qh4 f6 21. fxg6
hxg6 {Rest nicht rekonstruierbar} 22. e5 1-0

[Event "Offene Hessische Senioren Einzelmeisters"]
[Site "Bad Sooden- Allendorf"]
[Date "2013.04.24"]
[Round "5.70"]
[White "Paulin, Dieter"]
[Black "Jung, Prof. Michael"]
[Result "0-1"]
[WhiteElo "1566"]
[BlackElo "1669"]
[PlyCount "104"]
[EventDate "2013.??.??"]
[WhiteTeam "SK Dingelstädt 1921"]
[BlackTeam "SV Osnabrück"]

1. d4 g6 2. Nf3 Bg7 3. Bf4 d6 4. e4 e6 5. c4 Ne7 6. Nc3 O-O 7. Be2 h6 8. O-O
Nd7 9. Rc1 b6 10. Qd2 Kh7 11. Bd3 Bb7 12. Rfe1 f5 13. Qe3 Re8 14. b4 e5 15.
dxe5 dxe5 16. Bg5 hxg5 17. Nxg5+ Kg8 18. Qh3 Nf8 19. exf5 Nxf5 20. Bxf5 Qxg5
21. Be4 Bxe4 22. Nxe4 Qf5 23. Qb3 Kh8 24. c5 Ne6 25. Ng3 Qf4 26. Ne2 Qg5 27.
Rc3 Nf4 28. Nxf4 exf4 29. Rh3+ Bh6 30. Qc3+ Kh7 31. Rd1 Re7 32. cxb6 axb6 33.
a3 Rae8 34. Rhd3 Qe5 35. f3 Qxc3 36. Rxc3 Bg7 37. Rc6 Be5 38. a4 Bd6 39. b5
Re1+ 40. Rxe1 Rxe1+ 41. Kf2 Ra1 42. Rc4 Ra2+ 43. Kf1 Kg7 44. Re4 Kf6 45. h4 Kf5
46. Kg1 Rb2 47. Kh2 Rb4 48. Rxb4 Bxb4 49. g4+ fxg3+ 50. Kxg3 Bd6+ 51. Kf2 Kf4
52. Kg2 Be7 0-1

[Event "Offene Hessische Senioren Einzelmeisters"]
[Site "Bad Sooden- Allendorf"]
[Date "2013.04.24"]
[Round "5.71"]
[White "Hesse, Klaus Dieter"]
[Black "Brueckner, Ewald"]
[Result "0-1"]
[WhiteElo "1668"]
[BlackElo "1526"]
[Annotator ",Microsoft"]
[PlyCount "44"]
[EventDate "2013.??.??"]
[WhiteTeam "SK Stadtallendorf"]
[BlackTeam "1.Hainstädter SC 1950"]

1. e4 b6 2. d4 Bb7 3. Bd3 e6 4. Nf3 d6 5. O-O Be7 6. Qe2 Nd7 7. Bf4 Ngf6 8.
Nbd2 Nh5 9. Be3 Nhf6 10. c4 e5 11. dxe5 dxe5 12. Rad1 Ng4 13. Nb3 Nxe3 14. Qxe3
O-O 15. a3 Qc8 16. Rd2 Nc5 17. Nxc5 Bxc5 18. Qg5 f6 19. Qg3 Qe6 20. h4 Be7 21.
Bb1 c5 22. Rfd1 Rad8 {Rest nicht rekonstruierbar} 0-1